000 00239nam a22000857a 4500
999 _c1302
_d1302
003 OSt
005 20170928101620.0
008 160630b xxu||||| |||| 00| 0 eng d
020 _a9788170632948
040 _cMATHS
100 _91573
_a Kapur, J.N
245 _aSuggested in School Mathematics
260 _aNew Delhi
_bArya Publication
_c1989
942 _2ddc
_cBK